|
|
|
|
| LEADER |
01093nta a2200253 i 4500 |
| 001 |
dokt1676 |
| 005 |
20191206143604.0 |
| 008 |
121221s2013 hu om 0|| hun d |
| 024 |
7 |
|
|a 10.14232/phd.1676
|2 doi
|
| 024 |
7 |
|
|a 2849938
|2 mtmt
|
| 040 |
|
|
|a SZTE Doktori Repozitórium
|b hun
|
| 041 |
|
|
|a hun
|
| 100 |
1 |
|
|a Kádár Zalán
|
| 245 |
1 |
0 |
|a Szteránvázas azidok előállítása és réz(I)-katalizált dipoláris cikloaddíciói
|h [elektronikus dokumentum] /
|c Kádár Zalán
|
| 246 |
1 |
0 |
|a Synthesis of steroidal azides and their Cu(I)-catalyzed dipolar cycloadditions
|h [elektronikus dokumentum]
|
| 260 |
|
|
|c 2013-05-17
|
| 502 |
|
|
|a Disszertacio
|
| 650 |
|
4 |
|a kémiai tudományok
|
| 650 |
|
4 |
|a Kémiai tudományok
|
| 700 |
0 |
1 |
|a Frank Éva
|e ths
|
| 700 |
0 |
1 |
|a Wölfling János
|e ths
|
| 856 |
4 |
0 |
|u https://doktori.bibl.u-szeged.hu/id/eprint/1676/1/%C3%A9rtekez%C3%A9s.pdf
|z Dokumentum-elérés
|
| 856 |
4 |
0 |
|u https://doktori.bibl.u-szeged.hu/id/eprint/1676/2/t%C3%A9zisf%C3%BCzet.pdf
|z Dokumentum-elérés
|
| 856 |
4 |
0 |
|u https://doktori.bibl.u-szeged.hu/id/eprint/1676/3/thesis.pdf
|z Dokumentum-elérés
|